| 000 | 01363nam a2200229Ia 4500 | ||
|---|---|---|---|
| 003 | Ost | ||
| 005 | 20260507075336.0 | ||
| 008 | 260507s9999||||xx |||||||||||||| ||und|| | ||
| 020 | _a2194229779 | ||
| 040 | _cfsecg | ||
| 041 | _aara | ||
| 082 | _a330 | ||
| 100 |
_aالسريتي، السيد محمد احمد _eمؤلف |
||
| 245 | 0 |
_aالنظرية الاقتصادية المتقدمة : _bالجزئية و الكلية بين النظرية و التطبيق / _c السيد محمد احمد السريتي |
|
| 260 |
_aالاسكندرية: _bالدار الجامعية, _c2011 |
||
| 300 |
_a470 صفحة؛ _bإيضاحات ؛ _c25 سم |
||
| 520 | _aالطلب و العرض و و مرونتهما و توازن السوق و نظرية المنفعة الحدية و توازن السوق ، نظرية السواء و تطبيقات على توازن المستهلك ، نظرية الانتاج و تكاليفه و السلوك الاقتصادي للوحدة الانتاجية و أشكال السوق و توازن الوحدة الانتاجية ، التوازن العام و اقتصاديات الوفاهية ، النموذج الكلاسيكي و النموذج الكينزي | ||
| 653 | _aالإقتصاد الجزئي | ||
| 653 | _aالإقتصاد الكلي | ||
| 653 | _aالإقتصاد- نظريات | ||
| 942 | _cكتاب | ||
| 999 |
_c44046 _d44046 |
||